আল-কুরআনে উল্লিখিত অপরাধসমূহ ও তার শাস্তি : (Record no. 37308)
[ view plain ]
| 000 -LEADER | |
|---|---|
| fixed length control field | 01495nam a2200253 a 4500 |
| 001 - CONTROL NUMBER | |
| control field | 37308 |
| 003 - CONTROL NUMBER IDENTIFIER | |
| rucl marc code | BD-RjUL |
| 005 - DATE AND TIME OF LATEST TRANSACTION | |
| control field | 20211209052610.0 |
| 008 - FIXED-LENGTH DATA ELEMENTS--GENERAL INFORMATION | |
| fixed length control field | 141124s2012 bg ||||| mb|| 00| 0 ben d |
| 035 ## - SYSTEM CONTROL NUMBER | |
| System control number | (BD-RjUL)37411 |
| 040 ## - CATALOGING SOURCE | |
| Original cataloging agency | BD-RjUL |
| Language of cataloging | ben |
| Transcribing agency | BD-RjUL |
| Modifying agency | BD-RjUL |
| 041 ## - LANGUAGE CODE | |
| Language code of text/sound track or separate title | ben |
| 082 ## - DEWEY DECIMAL CLASSIFICATION NUMBER | |
| Edition number | 21 |
| Classification number | 297.5 |
| Author mark and year | ALA 2012 |
| 100 ## - MAIN ENTRY--PERSONAL NAME | |
| Personal name | আলম, মো. মাসুদ |
| 9 (RLIN) | 114333 |
| 245 ## - TITLE STATEMENT | |
| Title | আল-কুরআনে উল্লিখিত অপরাধসমূহ ও তার শাস্তি : |
| Remainder of title | একটি পর্যালোচনা / |
| Statement of responsibility, etc. | মোঃ মাসুদ আলম ; |
| Linkage | সুপারভাইজার : মোহাম্মাদ বেলাল হোসেন |
| 260 ## - PUBLICATION, DISTRIBUTION, ETC. (IMPRINT) | |
| Place of publication, distribution, etc. | রাজশাহী : |
| Name of publisher, distributor, etc. | ইসলামিক স্টাডিজ বিভাগ, রাজশাহী বিশ্ববিদ্যালয় , |
| Date of publication, distribution, etc. | ২০১২ |
| 300 ## - PHYSICAL DESCRIPTION | |
| Pagination | xvi, ২৯৭ পাতা ; |
| Size | ৩০ সেমি. |
| 502 ## - DISSERTATION NOTE | |
| Dissertation note | থিসিস (পিএইচ. ডি.) --ইসলামিক স্টাডিজ বিভাগ, রাজশাহী বিশ্ববিদ্যালয়, ২০১২. |
| 504 ## - BIBLIOGRAPHY, ETC. NOTE | |
| Bibliography, etc | গ্রন্থপঞ্জি : পাতা ২৮৫-২৯৭। |
| 650 ## - SUBJECT ADDED ENTRY--TOPICAL TERM | |
| Topical term or geographic name as entry element | ইসলাম ধর্ম |
| Form subdivision | অপরাধসমূহ |
| 9 (RLIN) | 114334 |
| Topical term or geographic name as entry element | Islam |
| General subdivision | Sins |
| 9 (RLIN) | 114344 |
| 700 ## - ADDED ENTRY--PERSONAL NAME | |
| Personal name | হোসেন , মোহাম্মাদ বেলাল, সুপারভাইজার |
| 942 ## - ADDED ENTRY ELEMENTS (KOHA) | |
| Source of classification or shelving scheme | Dewey Decimal Classification |
| Koha item type | Theses |
| Lost status | Source of classification or shelving scheme | Damaged status | Not for loan | Collection code | Permanent Location | Current Location | Shelving location | Date acquired | Source of acquisition | Cost, normal purchase price | Total Checkouts | Full call number | Date last seen | Copy number | Koha item type |
|---|---|---|---|---|---|---|---|---|---|---|---|---|---|---|---|
| Dewey Decimal Classification | Not For Loan | Theses | Central Library, University of Rajshahi | Central Library, University of Rajshahi | Documentation Section | 28/10/2013 | Controller of Examination Office, University of Rajshahi, Rajshahi. | 0.00 | BTHE 297.5 ALA 2012 | 24/11/2014 | C-1 | Theses |